The Life and Work of Elvis Presley - Statistics

General Stats
  • This quiz has been taken 70 times
  • The average score is 17 of 25
Answer Stats
Question Answer % Correct
Elvis was born in January 1935 in Tupelo, in which US state? Mississippi
98%
Which music promoter became his manager in 1956? Colonel {Tom Parker}
96%
Which mansion and surrounding estate did Elvis buy in 1957? Graceland
90%
When he was 13 his family moved to which city in Tennessee? Memphis
90%
His distinctive dance moves prompted which nickname? Elvis the {Pelvis}
86%
During his military service, which martial art did he learn? Karate
86%
After being drafted in 1958, he was posted to which country?
Germany
84%
What was the name of their only child, born the following year? Lisa Marie Presley
84%
Who did he propose to in 1966, seven years after they first met? Priscilla Beaulieu
80%
He was found dead a bathroom in August 16th, in which year? 1977
78%
In which 1957 film did Elvis play prison inmate Vince Everett? Jailhouse Rock
78%
In 1953 he made his first recordings at which record label? {Sun} Records
78%
Which 1973 TV special was broadcast to multiple countries? Aloha from {Hawaii} via Satellite
76%
They were married in May 1967, in a hotel suite in which city? Las Vegas
76%
In which year was his ‘Comeback Special’ broadcast? 1968
75%
In which 1956 film did he make his first big screen appearance? Love Me Tender
75%
On December 21st 1970, he met which world leader? President Richard Nixon
67%
Which single became his first US No. 1, in 1956? Heartbreak Hotel
63%
What was the name of Elvis’s first single release, in 1954? That's All Right
61%
What was the first Elvis movie released after his discharge? G.I. Blues
43%
A remix of which 1968 Elvis song was a hit in 2002? A Little Less Conversation
39%
What was the name of Elvis’s debut album, released in 1956? Elvis Presley
39%
What was the name of the independent record label’s boss? Sam Phillips
39%
Which song was his final Number One in the US Singles chart? Suspicious Minds
33%
Which 1960 album marked his return to civilian life? Elvis Is Back!
27%
No matching quizzes found
Score Distribution
Percent of People with Each Score
Percentile by Number Answered
Your Score History
You have not taken this quiz